000
00302nam a22001337a 4500
008
170906b xxu||||| |||| 00| 0 eng d
020
_a
9780070691100
041
_a
eng
080
_a
72
100
_a
41
101
_a
ARK
245
_a
DESIGN FOR EFFECTIVE SELLING SPACE
_c
WEISHAR,J
942
_2
udc
_c
BK
999
_c
26333
_d
26333